000 00490nam a2200169 i 4500
001 71881
003 ES-MaACL
005 20230906171245.0
007 t|
008 040819s1905 fr ||||1| fre d
100 1 _aGide, Charles.
_956675
245 1 0 _aEconomie Sociale /
_cpar Charles Gide.
250 _a3éme ed. revue et augm.
260 _aParis :
_bL. Larose et L. Tenin,
_c1905 (
_eBar-le-Duc :
_fContant Laguerre)
300 _aVIII, 465 p. ;
_c19 cm.
852 _aES-MaACL
_jD-2659
999 _c71881
_d71881